000 00555nam a2200181 4500
008 021002s1996 us 1 eng
020 _a0827357214
090 0 _aPN3171
_bD28e
100 1 _aDavidson, Jane I.
245 1 0 _aEmerging literacy and dramatic play in early education /
_cJane I. Davidson.
260 _aNew York :
_bDelmar,
_cc1996.
300 _axiii, 313 p. :
_bills.
504 _aIncludes index
650 4 _aDrama in education.
650 4 _aPlay.
951 _p25340
_oPN3171/D28e
_j070613111153062
_d2000-12-21
_cGC
999 _c13231
_d13231